MDQL
is popping MORE tags! Check the
thread
!
Quizzes
Events
Quiz Creation
Community
Videos
Private Events
Remove Ads
Sign In
Join for FREE
Feedback
Dark Mode
Quiz Categories
Sports
Geography
Music
Movies
Television
Just For Fun
Miscellaneous
History
Literature
Language
Science
Gaming
Entertainment
Religion
Holiday
For Kids
Quiz Lab
Recent
Popular Today
Quiz Kudos Today
Editor Picks
Curator Picks
Quizzes by...
Day
Popularity
Type
Ratings
Length
Year
Community
Subscriptions
Recent Discussions
Orange Saloon
Badges
Playlists
Quests
Create
Leaderboards
Showdown
Live 5
Trivia Bingo
Activity
Puzzle Library
Sporcle Events
Private Events
Virtual Trivia
Globe League
Become a Host
Pub Owners
SporcleCon
Opinionation
Our Games
Videos
Blog
Mobile Apps
Partnerships
Remove Ads and Go Orange
Feedback
Television
TV Characters
TV Show
Sitcom
Network
Friends
Reality Shows
Cast
South Park
Star Trek
The Simpsons
Doctor Who
Television
TV Characters
TV Show
Sitcom
Network
Friends
Reality Shows
Cast
South Park
Star Trek
The Simpsons
Doctor Who
Random Quiz
Search Sporcle
×
Quiz Lab
Quiz Lab
Television
Friendship is Magic
Type in answers that appear in a list
Type in answers that appear in a list
Classic
Best Score? Go Orange.
My Little Pony: Friendship Is Magic Hard Trivia Stats
Can you name the My Little Pony: Friendship Is Magic hard Season 1 trivia?
By
JorWat25
10m
26 Questions
2,250 Plays
2,250 Plays
2,250 Plays
Comments
Comments
Give Quiz Kudos
Give Quiz Kudos
-
- Ratings
hide this ad
More Info
Replay
Link that replays current quiz
Next Quiz
Link to next quiz in quiz playlist
You Got
0%
They Got
Avg Score
26%
Avg Friend Score
Upgrade to see
Score Distribution
Jump to the score distribution portion of the page
Score
0/26
Timer
10:00
0
Plays Today
Question
Answer
% Correct
What colour was the first parasprite?
Blue
72.9%
What 'patented' procedure does Rainbow Dash use after knocking Twilight into a puddle?
Rainblow-Dry
63.1%
According to Pinkie's song, what should one do to 'the spooky'?
Snortle
58.4%
What is the name of the chief?
Chief Thunderhooves
38%
What colour are the animal team's vests?
Tan
36.6%
What is the prize for winning the Young Flyer Competition?
A day with the Wonderbolts
34.5%
How many games in a row of tic-
tac-
toe has Pinkie won?
Thirty-five
29.7%
What sandwich does Twilight order?
Daffodil and daisy
29.1%
What was Twilight getting from the Everfree Forest?
Her favourite tea
26.3%
Whom are Fluttershy and Rainbow Dash house-
sitting for, apparently?
Harry
25.3%
Which of Zecora's things does Rarity describe as 'garish'?
Her stripes
24%
What is the name of the woods the race goes through?
Whitetail Woods
23.9%
Which cow causes the stampede?
Mooriella
22.9%
Question
Answer
% Correct
Where at the rock farm did Pinkie Pie say she was when she saw the sonic rainboom?
The south field
22.3%
Name either of the other thought up names for the Cutie Mark Crusaders.
The Cutie Mark Three or The Cute-tastically Fantastics
20%
Name either of the fillies who win the Best Dramatic Performance prize.
Sunny Daze or Peachy Pie
19.5%
What candy does Gilda eat, which turns out to be very spicy?
Vanilla lemon drops
17.7%
What does the six-
legged pony with a purple polka-
dotted mane and shooting stars coming out of his eyes who flies through the air all over the world hide?
Magic sparkly eggs
17.1%
When Pinkie's back is itchy, what does it mean?
It's her lucky day
16.6%
What does Twilight worry won't be in the place she gets banished to?
A post office
16.1%
Where did Trixie apparently vanquish an Ursa Major?
Hoofington
15.6%
What animal does Fluttershy think she hears, which turns out to be the gardener?
A meadowlark
15.3%
What flavour juice does Fluttershy become spokespony for?
Carrot
14.5%
Where were Rarity and Opal going when Spike stole Opal's mouse?
Fluttershy's tea party
7.9%
What, according to Fluttershy, doesn't the middy collar go with on her dress?
The shawl lapel
6.6%
What is the name of Sapphire Shores' upcoming concert?
Sapphire Shores' Ziegfilly Follies
4.6%
Quiz Playlist
Details
Report
Send in Message
Add To Playlist
More Info:
There are 26 questions. One for each episode of Season 1 of MLP:FiM. But be warned, they are very hard...
Classic:
Type in answers that appear in a list
Quiz Source
Last Updated: Feb 16, 2017
Quiz Scoreboard
CHALLENGE
Sign Up to Join the Scoreboard
Show All
Scores
Hide
Comments
May contain spoilers
Recently Published
Holiday 10x10 Sorting Gallery
by lukepisani3
Holiday
15m
Two Season TV Shows II
by 123Four
Television
10m
Image Sorting: Flags VI
by Barbecue
Geography
2m
More to Explore
Quiz From the Vault
Featured Blog Post
14 Easter Pick-up Lines to Find Eggs With
hide this ad
You Might Also Like...
Tags
2010-2011
Friendship is Magic
hard
little
My Little Pony
Pony
Today's Top Quizzes in Television
Browse Television
hide this ad
Today's Top Quizzes in Friendship is Magic
Browse Friendship is Magic
Top Contributed Quizzes in Television
1
Survivor Journey Challenge
2
Even More Two Season TV Shows
3
Adjectives in 00s TV Shows
4
Even More Three Season TV Shows
5
Survivor Logic Puzzle: Heroes vs. Villains
6
Adjectives in 10s TV Shows
7
One Season TV Shows
8
One Piece Logic Puzzle
9
Brooklyn Nine Nine Logic Puzzle (How-To-Play)
10
Click the SpongeBob Episodes (Season 3)
Explore More
Trending Topics
Harry Potter
NBA
Disney
Crossword
Marvel
Anime
Kpop
NFL
Soccer
The Office
Puzzle
Pokémon
Country
Song
WWE
hide this ad
More By:
JorWat25
Quiz
Plays
Rating
Category
Featured
Created
My Little Pony: Friendship Is Magic Hard Trivia
2,250
4.67
Television
Jun 20, 2012
My Little Pony: Friendship Is Magic Hard Trivia 2
1,147
5.00
Television
Jun 21, 2012
Nintendo Trivia
797
2.67
Gaming
Oct 9, 2011
Simpsons Trivia (Season 5)
717
4.25
Television
Sep 16, 2011
Single-word Board Games
672
5.00
Gaming
Feb 20, 2024
Go to Creator's Profile
Score Distribution
Quiz Creator Spotlight
JorWat25
Follow
Send a Message
Quizzes Created
-
Created Quiz Play Count
-
More By This Creator
Popular Quizzes Today
1
Find the US States - No Outlines Minefield
2
Colored Red Africa Blitz
3
Find the 'City' Movie
4
The Countries of the World
5
Find the US States
6
5x2 Blitz: Bands
7
Find the Countries of Europe - No Outlines Minefield
8
US States
More Television Quizzes
Crossword: Saved by the Bell Kids
Quiz Lab
Trending Quizzes
Colored Red Europe Blitz I
Colored Red Europe Blitz II
Colored Red Africa Blitz II
Colored Red Europe Blitz III
Colored Red Africa Blitz III
Recently Updated
Odd Team Out - Big 4 Players
pecheneg
Quick Pick: 20 Twenties
pecheneg
March Madness Men's Triple Doubles
pecheneg
How Do You Spell That?
pecheneg
Godzilla Movies
pecheneg
Grab Bag: 4-10 Letters
pecheneg
2024 March Madness Bracket
pecheneg
Famous TV Couples
Peacemaker
Champions League XIs: Real Madrid
pecheneg
Largest US Cities 1790-2010
pecheneg
Trending Topics
Harry Potter
Disney
NBA
Anime
Crossword
Kpop
Marvel
Soccer
Puzzle
Song
NFL
Country
WWE
Pokémon
The Office
Your Account Isn't Verified!
In order to create a playlist on Sporcle, you need to verify the email address you used during registration. Go to your
Sporcle Settings
to finish the process.
Report this User
Report this user for behavior that violates our
Community Guidelines
.
Details:
Send Report
Go to the Sporcle.com Mobile Site →
Comments